[Event "CUB-ch KO"]
[Site "Santa Clara"]
[Date "2005.04.20"]
[Round "1.3"]
[White "Nogueiras Santiago, Jesus"]
[Black "Bruzon Batista, Lazaro"]
[Result "0-1"]
[WhiteElo "2533"]
[BlackElo "2669"]
[Annotator "Finkel,A"]
[PlyCount "94"]
[EventDate "2005.04.18"]
[EventType "k.o."]
[EventRounds "3"]
[EventCountry "CUB"]
[SourceTitle "CBM 107"]
[Source "ChessBase"]
[SourceDate "2005.08.01"]
[SourceVersion "1"]
[SourceVersionDate "2005.08.01"]
[SourceQuality "1"]

1. d4 d5 2. Nf3 Nf6 3. Bf4 c5 4. e3 Nc6 5. Bb5 Bg4 {It's senseless to look for
the best continuation for Black in this line since it's obvious that there are
quite a few good onces !} (5... Qa5+ 6. Nc3 Ne4 7. O-O Nxc3 8. Bxc6+ bxc6 9.
Qd2 (9. bxc3 Qxc3 10. Qd2 $6 Qxd2 11. Nxd2 Bf5 12. c3 cxd4 13. exd4 e6 $17 {
Aalto,P-Lannaioli,A/IECG email 2002}) 9... Ne2+ 10. Qxe2 Ba6 $19 {Mostowik,
D-Tammemaegi,V/corr 1991}) 6. Nbd2 (6. O-O e6 7. h3 Bh5 8. g4 Nxg4 9. hxg4 Bxg4
10. Be2 g5 11. Bh2 Bh3 12. Re1 g4 13. Ne5 Rg8 14. Qd3 $16 {Kliche,U-Augstein,J/
MVP 1999}) 6... cxd4 7. exd4 Qb6 8. c4 a6 (8... dxc4 9. a4 e6 10. O-O Be7 11.
Nxc4 Qd8 12. Nce5 $14) 9. Ba4 Bxf3 10. Qxf3 e6 (10... Qxd4 11. Qb3 b5 12. cxb5
Qxf4 13. bxc6 (13. b6 $5) 13... Qe5+ 14. Kf1 Qc7 15. Qb7 Rc8 16. Qxa6 $16) 11.
O-O Be7 12. Qb3 Qa7 $6 ({Black gets a comfortable position after} 12... Qxb3
13. axb3 O-O 14. Bxc6 bxc6 15. Ra4 Ra7 16. Rfa1 Rfa8 17. Nf3 Nd7 $11) 13. c5
O-O 14. Bxc6 $5 (14. Qd3 Rac8 15. a3 $14) 14... bxc6 15. h3 Nd7 16. Qa4 Rfc8
17. b4 ({Of course White shouldn't play} 17. Nb3 $6 Qb7 18. Na5 Qb5 19. Qxb5
axb5 20. b4 Bf6 21. Rfd1 e5 $15) 17... Bd8 18. Rab1 Bc7 19. Bxc7 Qxc7 20. Nf3
f6 21. Qc2 e5 22. a4 (22. Qf5 Re8 23. a4 e4 24. Ne1 g6 25. Qg4 f5 26. Qh4 f4
27. Nc2 Rab8 $13) 22... Rab8 23. Nh4 $1 {[%cal Gh4d6]} (23. Qf5) 23... g6 24.
Nxg6 $1 {All black pieces are on the queenside, so White starts an attack.}
hxg6 25. Qxg6+ Kf8 26. Rb3 Re8 27. Qh7 $6 ({It was better to play} 27. dxe5
Nxe5 (27... Qxe5 $2 28. Qh6+ Kf7 29. Qh7+ Kf8 30. Rg3 $18) (27... Rxe5 28. f4
Re7 29. Rg3 $18) 28. Qxf6+ Qf7 29. Qh6+ Qg7 30. Qd6+ Qe7 31. f4 $1 (31. Qh6+
$11) 31... Nc4 32. Qxc6 Nd2 33. Rg3 $14) 27... Re7 28. Qh8+ Kf7 29. Qh5+ (29.
Qh7+ $6 Ke6 $17) 29... Kg8 30. f4 $2 {Shooting himself in the leg! After
accurate} (30. Rg3+ Rg7 31. Qh6 Nf8 (31... Rxg3 32. fxg3 Re8 33. Qg6+ Kf8 34.
Qh7 $11) 32. Qxf6 exd4 33. Rxg7+ Qxg7 34. Qxc6 Rxb4 35. Qxa6 $13 {the position
remains unclear.}) 30... exf4 31. Rbf3 (31. b5 axb5 32. axb5 Rxb5 33. Rxb5 cxb5
34. Qxd5+ Kg7 35. Qf5 $15) 31... Rh7 32. Qf5 Kh8 33. Rxf4 Re8 34. R1f3 (34. b5
$5) 34... Qd8 $1 35. Rg3 Qe7 36. Kh2 Qf7 {[%csl Gd5]} 37. Rfg4 Rf8 38. b5 (38.
Qf4 {[%cal Gf4c7]}) 38... axb5 39. axb5 cxb5 40. Qf4 Qe7 41. Qf5 Qf7 42. Qf4
Qe6 43. Qc7 f5 44. Rg6 Nf6 45. Rh6 $2 (45. Rg7 Rh4 46. Re7 Qc8 47. Qe5) 45...
Ng4+ $1 $19 46. Rxg4 Qxh6 47. Qe5+ Qf6 0-1

[Event "EU-Cup 18th"]
[Site "Kallithea"]
[Date "2002.09.22"]
[Round "1.3"]
[White "Gritsak, Orest"]
[Black "Lampen, Timo"]
[Result "1/2-1/2"]
[WhiteElo "2542"]
[BlackElo "2315"]
[Annotator "Finkel,A"]
[PlyCount "78"]
[EventDate "2002.09.22"]
[EventType "team-swiss"]
[EventRounds "7"]
[EventCountry "GRE"]
[SourceTitle "CBM 092"]
[Source "ChessBase"]
[SourceDate "2003.02.06"]
[SourceVersion "1"]
[SourceVersionDate "2003.02.06"]
[SourceQuality "1"]
[WhiteTeam "Karpaty"]
[BlackTeam "Joensuu"]
[WhiteTeamCountry "UKR"]
[BlackTeamCountry "FIN"]

1. Nf3 d5 2. d4 c6 3. Bf4 Nf6 4. e3 Qb6 5. b3 (5. Qc1 {The more usual reaction
not weakening the black squares.}) 5... Bg4 (5... Bf5 6. Be2 e6 7. Nh4 Bb4+ 8.
Kf1 Bg6 9. Nxg6 fxg6 $2 10. c3 Be7 11. Nd2 Nbd7 12. g4 $1 $16 {Rozentalis,
E-Rytshagov,M/Tallinn 1998}) 6. Be2 (6. Bd3 Nbd7 (6... e6 7. O-O c5 8. c3 Bd6
9. Bg3 Nbd7 10. Nbd2 Bxg3 11. hxg3 O-O 12. Qc2 Bxf3 13. Nxf3 Rac8 $11 {Kataev,
S-Shvidler,E/Tel Aviv 1995}) 7. h3 Bxf3 8. Qxf3 c5 9. c3 e6 10. O-O Bd6 11. Nd2
O-O 12. Bxd6 Qxd6 13. e4 cxd4 14. cxd4 Qb4 15. Qe3 dxe4 16. Bxe4 Nxe4 17. Nxe4
Nb6 $15 {Mukic,J-Miles,A/Saint Vincent 2000}) 6... Nbd7 7. h3 (7. O-O Nh5 8.
Bg5 h6 9. Bh4 g6 10. Ne5 Bxe2 11. Nxd7 Bxd1 12. Nxb6 axb6 13. Rxd1 g5 14. Bg3
Nxg3 15. hxg3 b5 $15 {Hansen,F-Pedersen,K/DEN 1991}) 7... Bh5 8. O-O e6 9. c4
Be7 10. Nbd2 (10. c5 Qd8 11. b4 a5 12. b5 Ne4 13. Ne5 Bxe2 14. Qxe2 Nxe5 15.
Bxe5 Bf6 $11 {Nikolic,Z-Kirov,N/Smederevska Palanka 1984}) 10... O-O 11. c5 Qd8
12. b4 {Starting to disturb black on the queenside.} h6 $5 (12... Ne4 $6 13.
Nxe4 dxe4 14. Nd2 Bxe2 15. Qxe2 f5 16. Qc4 Rf6 17. f3 exf3 18. Nxf3 $14 {
[%csl Re6]}) 13. b5 (13. a4 Bg6 14. b5 Ne4 15. Nxe4 Bxe4 16. Nd2 Bf5 17. a5 e5
18. Bg3 Bf6 $13) 13... cxb5 14. Bxb5 Ne4 15. Qb3 Nxd2 16. Nxd2 Bg6 17. Rfc1 e5
$6 {This pawn sacrifice doesn't give black sufficient counterplay that's why
it was better to play} (17... Nf6 {with slightly worse position.}) 18. Qxd5 $5
({Even more convincing was} 18. Bxd7 $1 exf4 19. Qxb7 fxe3 20. fxe3 Bg5 21. Nf1
Be4 22. c6 $16) 18... exf4 19. Qxd7 fxe3 20. fxe3 Bg5 21. Nf1 Qa5 22. Bc4 Be4
23. h4 Bf6 (23... Bxh4 24. Qg4 $18 {[%csl Re4,Rh4]}) 24. Qg4 Rfe8 25. Ng3 {
Letting black to complicate the matters by playing Qd2. Deserved attention} (
25. Rd1 $5 {taking d2 under control.}) 25... Qd2 26. Nxe4 (26. Qe2 $6 Qxe2 27.
Bxe2 Bc6 $1 28. Nf5 Bd7 $15 {[%csl Re3,Rh4]}) (26. Nf1 $5) 26... Qxe3+ 27. Nf2
Bxd4 28. Qf5 (28. Qf3 Qxf3 29. gxf3 Bxa1 30. Rxa1 Re5 $13 {[%cal Ge5h5]}) 28...
Bxa1 29. Rxa1 Re5 30. Qxf7+ Kh8 31. Bd3 $6 {After this move black gets serious
counterchances, so better was} (31. Qxb7 $5 Rf8 32. Rf1 Ref5 33. Qe4 Qxc5 34.
Bd3 $16) 31... Qg3 32. Rf1 Rxc5 33. Ne4 (33. Qxb7 Rf8 34. Qxa7 Rh5 $13) 33...
Qe3+ 34. Kh2 $6 (34. Kh1 Rc1 35. Rxc1 Qxc1+ 36. Kh2 Rd8 $132) 34... Qxd3 $11
35. Nxc5 Qd6+ 36. g3 Qxc5 37. Qxb7 Re8 38. Qf3 Qe7 39. Rf2 Qe5 1/2-1/2

[Event "Olympiad-36"]
[Site "Mallorca"]
[Date "2004.10.25"]
[Round "10"]
[White "Nogueiras Santiago, Jesus"]
[Black "Kunte, Abhijit"]
[Result "1-0"]
[WhiteElo "2546"]
[BlackElo "2550"]
[Annotator "Finkel,A"]
[PlyCount "123"]
[EventDate "2004.10.15"]
[EventType "team-swiss"]
[EventRounds "14"]
[EventCountry "ESP"]
[SourceTitle "CBM 104"]
[Source "ChessBase"]
[SourceDate "2005.01.27"]
[SourceVersion "1"]
[SourceVersionDate "2005.01.27"]
[SourceQuality "1"]
[WhiteTeam "Cuba"]
[BlackTeam "India"]
[WhiteTeamCountry "CUB"]
[BlackTeamCountry "IND"]

1. Nf3 Nf6 2. d4 e6 3. Bf4 c5 4. e3 Nc6 5. c3 d5 6. Nbd2 Bd6 7. Bg3 O-O (7...
Qe7 $5) 8. Bb5 $5 {Starting a fight for the e5 square.} (8. Bd3 Re8 9. Ne5 g6
$6 {[%csl Rg6][%cal Gh2h5]} 10. f4 Nh5 11. Bf2 f6 $6 (11... Ng7) 12. Nxg6 hxg6
13. Bxg6 Ng7 14. Bxe8 Qxe8 15. dxc5 Bxc5 16. Qf3 $36 {[%cal Gh2h6,Gg2g5]
Minasian,A-Tissir,M/Abu Dhabi 2004}) 8... Qe7 $6 {Black underestimates the
consequences of 9.B:c6, after which white gets a steady plus.} (8... Ne7 9. Bd3
b6 10. Ne5 Bb7 11. Qb1 h6 12. f4 Nd7 13. Bh4 f6 14. Nxd7 Qxd7 15. O-O e5 $132 {
Stefanova,A-Sebag,M/Leon 2001}) 9. Bxc6 (9. O-O a6 10. Ba4 Nd7 11. Bb3 Nf6 12.
Re1 Re8 13. e4 dxe4 14. Nxe4 Bxg3 15. hxg3 cxd4 16. Nxd4 Nxd4 17. Qxd4 Nxe4 18.
Qxe4 Rb8 $11 {Loyer,A-Bertrand,H/France 1999}) 9... bxc6 10. Qa4 cxd4 (10...
Bd7 $6 11. Qa3 {[%cal Ga3e7]} Bxg3 12. hxg3 Rfe8 13. Ne5 (13. dxc5 $6 e5 14.
Qa5 Bf5 $44) 13... Rab8 14. b3 cxd4 15. Qxe7 Rxe7 16. cxd4 $14) 11. cxd4 Bd7
12. Bxd6 Qxd6 13. O-O $14 {[%csl Rc6][%cal Gd2b3,Gb3c5] We have a classic
example of a ''good" knight fighting against a "bad" bishop.} Rfb8 14. Qc2 Be8
15. Nb3 Nd7 16. Rfc1 Rb6 (16... a5 17. Ng5 g6 18. Rab1 a4 19. Nd2 Ra6 20. Ngf3
f6 21. b3 $14) 17. Nc5 Nf8 18. Na4 Rb7 19. Ne5 f6 20. Nd3 {A weakness of the
pawn on c6 along with white's pressure over the semi-open c-file promise white
very comfortable advantage.} Rc8 (20... e5 21. Qc3 Re7 22. Nac5 Rc8) 21. Qc3
Re7 22. f4 $5 Ng6 (22... Bg6 23. Qc5 Qd8 24. Nb4 Qe8 25. b3 $14) 23. Nac5 e5
24. fxe5 fxe5 25. Rf1 $1 e4 (25... Bf7 26. Rf2 exd4 27. exd4 Rce8 28. Raf1 Be6
29. Nf4 Nxf4 30. Rxf4 Bc8 $14) 26. Nf4 Nh4 27. Qe1 $1 Qh6 28. Qg3 Nf5 $2 {
Missing a nice, but a very simple tactical blow.} (28... Rf7) 29. Nxd5 $1 $18 {
[%csl Rf5]} cxd5 (29... Nxg3 30. Nxe7+ Kh8 31. Rf8#) 30. Rxf5 Bf7 31. Raf1 Qb6
32. Qf4 Rcc7 (32... Qg6 33. b4 h6 34. b5 $18) 33. Rxd5 h6 34. Rd8+ Kh7 35. Qf5+
$6 {Wasting a chance to finish the game in just 3 moves:} (35. Nd7 $1 {[%cal
Gd7f8]} Rcxd7 36. Rxd7 Rxd7 37. Qf5+ Bg6 38. Qxd7 $18) 35... Bg6 36. Qf8 Bf7
37. b3 Kg6 38. Nxe4 $1 Qa5 39. Nd6 Be6 40. h3 (40. Re8 $5) 40... Qg5 41. Qf4
Qxf4 42. exf4 Bd7 43. f5+ Kh7 44. Nc4 Re2 45. d5 Bb5 46. d6 Rc5 47. Rf2 Re1+
48. Kh2 Rd5 (48... Bxc4 49. bxc4 Rxc4 50. Rd2 Ree4 51. d7 Rcd4 52. Rc2 $18) 49.
Ra8 a6 50. Ra7 Kg8 51. f6 gxf6 52. Rxf6 Rg5 53. Rf3 Re2 54. Rg3 Bc6 55. Rxg5+
hxg5 56. Kg1 Rxg2+ 57. Kf1 Rxa2 58. d7 Ra1+ 59. Ke2 Ra2+ 60. Nd2 Bxd7 61. Rxd7
a5 62. Rd4 1-0

[Event "Olympiad-36"]
[Site "Mallorca"]
[Date "2004.10.20"]
[Round "6"]
[White "Kveinys, Aloyzas"]
[Black "Vasquez Schroder, Rodrigo Rafael"]
[Result "0-1"]
[WhiteElo "2531"]
[BlackElo "2546"]
[Annotator "Finkel,A"]
[PlyCount "82"]
[EventDate "2004.10.15"]
[EventType "team-swiss"]
[EventRounds "14"]
[EventCountry "ESP"]
[SourceTitle "CBM 104"]
[Source "ChessBase"]
[SourceDate "2005.01.27"]
[SourceVersion "1"]
[SourceVersionDate "2005.01.27"]
[SourceQuality "1"]
[WhiteTeam "Lithuania"]
[BlackTeam "Chile"]
[WhiteTeamCountry "LTU"]
[BlackTeamCountry "CHI"]

1. Nf3 d5 2. g3 Bg4 3. Bg2 Nd7 4. d4 c6 5. O-O e6 6. Nbd2 Ngf6 7. Re1 Be7 8. e4
(8. Nf1 O-O 9. c3 h6 10. Ne3 Bh5 11. c4 $11) (8. c4 O-O 9. a3 a5 10. b3 a4 11.
b4 dxc4 12. Nxc4 Ne4 13. Nfe5 Nxe5 14. Nxe5 Bf5 15. f3 Nc3 16. Qd2 Nb5 17. e4
Bg6 18. Rd1 Qc7 19. Bb2 Rfd8 20. Qc2 $14 {Norwood,D-Jones,L/WchJM-U20 Adelaide
1988}) (8. h3 Bh5 9. e4 dxe4 10. Nxe4 Nxe4 11. Rxe4 O-O 12. c3 Bf6 (12... Qb6
13. Re2 Rad8 14. Qe1 Rfe8 15. Bf4 a5 16. Rd1 $14 {Abbasov,F-Eperjesi,L/FSIM
May, Budapest HUN 1997}) 13. g4 Bg6 14. Re2 a5 15. a4 Qc7 16. Bg5 Bxg5 17. Nxg5
Rad8 $11 {Ibar,M-Hase,J/Buenos Aires FMDA tt 1992}) (8. c3 O-O 9. h3 (9. Qb3
Qb6 10. e4 dxe4 (10... Rfd8 11. exd5 cxd5 12. Ne5 Nxe5 13. Rxe5 Qxb3 14. axb3
a5 $11) 11. Nxe4 Rfd8 12. Nxf6+ Bxf6 13. Bf4 Rac8 14. Ne5 Bxe5 15. Bxe5 Nxe5
16. Rxe5 $14 {Norwood,D-Westerinen Heikki M J/Bayswater (ENG) 1988}) 9... Bh5
10. e4 b5 11. Qb3 Rb8 12. Ne5 Nxe5 13. dxe5 Nd7 14. f4 Bg6 $132 {Llanos,
G-Soppe,G/Buenos Aires 1991}) 8... O-O $5 {This move leads to more interesting
struggle than 8...d:e4.} (8... dxe4 9. Nxe4 O-O 10. c3 Nxe4 11. Rxe4 Bh5 (11...
Bxf3 12. Qxf3 Bg5 13. Bxg5 Qxg5 14. Qe2 Rab8 15. f4 $5 Qd8 16. Rf1 g6 17. g4
$13 {Kveinys,A-Sulskis,S/2002}) (11... Bf5 12. Re1 Qb6 (12... a5 13. h3 h6 14.
Qe2 Re8 15. Bf4 Qb6 16. Rad1 a4 17. Be3 Qc7 18. Nd2 Nb6 $11 {Speelman,
J-Kobalija,M/Batumi 1999}) 13. a4 a5 14. Nd2 Bd3 15. Nf1 Qa6 16. Bf4 Rfe8 17.
h4 $14 {Hug,W-Eisterer,H/Muerren 1987}) 12. Re1 (12. Qb3 Qb6 13. Ne5 Rfd8 14.
h4 h6 15. Bh3 Nxe5 16. Rxe5 Rd5 17. Bf4 Rxe5 18. Bxe5 Qxb3 19. axb3 a6 20. Bg2
$11 {Bagoly,J-Varga,P/Cseppko Kupa 1994}) 12... c5 13. Be3 Rc8 14. Qd2 Nb6 15.
dxc5 Bxc5 16. Bxc5 Rxc5 17. Qe3 Qc7 $6 $14 {Slobodjan,R-Mueller,K/Lippstadt
1999}) 9. h3 Bh5 (9... Bxf3 10. Qxf3 Qb6 11. c3 c5 12. exd5 Nxd5 13. dxc5 Nxc5
14. Ne4 Rac8 15. h4 Nxe4 16. Qxe4 Bf6 $13 {Leski,M-Daurelle,H/France 1997}) 10.
e5 Ne8 11. Nf1 Qb6 {A pawn structure resembles Advanced variation of Caro-Kan
defense, however unlike in this line white lightsquared bishop is on g2, which
is hardly an improvment for white, so appearently black is doing fine.} (11...
c5 12. g4 Bg6 13. Ng3 Rc8 14. c3 b5 15. a3 a5 16. Bf4 b4 17. axb4 axb4 $13 {
Wojtkiewicz,A-Waitzkin,J/Philadelphia 1997}) 12. g4 Bg6 13. Ng3 c5 14. a4 (14.
h4 h6 15. h5 Bh7 16. g5 hxg5 17. Nxg5 Bxg5 18. Bxg5 Qxb2 19. Be7 Qxd4 20. Qxd4
cxd4 $15) 14... a5 15. Bf1 Nc7 16. h4 {A kingside attack is an only possible
plan for white in this position, however black's counterplay in the center is
an important factor.} h6 17. h5 Bh7 18. g5 hxg5 19. Nxg5 Bxg5 20. Bxg5 f6 (
20... Qxb2 21. h6 $1 Qxd4 22. hxg7 Kxg7 (22... Rfc8 23. Qh5 f6 24. Rad1 Qc3 25.
Re3 $40) 23. Qh5 Rh8 24. Qh6+ Kg8 25. c3 {[%csl Gg4]} Qg4 (25... Qxc3 $2 26.
Nh5 Ne8 27. Nf6+ Ndxf6 28. Bxf6 Qc2 29. Ra3 $18 {[%cal Ga3g3]}) 26. Be2 Qxe2
27. Rxe2 Bd3 28. Qxh8+ Kxh8 29. Rd2 Bg6 $132) 21. exf6 gxf6 22. Bf4 cxd4 23.
Bd3 $6 {A key moment in the game. White decides to trade the lightsquared
bishop, passing the initiative into black's hands.} (23. Bxc7 $5 Qxc7 24. Rxe6
Ne5 25. Bg2 Qc5 26. c3 dxc3 27. bxc3 Rad8 28. Qd4 $14) 23... Rf7 (23... e5 $2
24. Qg4+ $18 {[%csl Rd7]}) 24. Bxh7+ Kxh7 25. Bxc7 Qxc7 26. Rxe6 Rg8 $36 {
[%csl Rg1][%cal Gf6f4] Strangely enough the white king is far more vulnerable
than the black one.} 27. Ra3 $6 {[%csl Gg3]} (27. Qd3+ Kh8 28. Qf5) 27... Nc5
28. Re2 f5 $19 29. Qxd4 (29. Kh1 f4 30. Nf1 Rf5 31. Rh3 Qg7 $19) 29... f4 30.
Qxd5 fxg3 31. f3 (31. Rxg3 Rxg3+ 32. fxg3 Qxg3+ 33. Rg2 Qe3+ 34. Kh2 Qf4+ 35.
Kg1 Qf1+ 36. Kh2 Qf5 $19) 31... b6 32. Kg2 Qf4 33. Rae3 Rgg7 34. Re1 Rg5 35.
Qxf7+ Qxf7 36. Re7 Qxe7 37. Rxe7+ Kh6 38. b3 Kxh5 39. Re8 Kh6 40. Re3 Kg6 41.
Re8 Kf7 {[%cal Gc5e6,Ge6f4]} 0-1

[Event "Olympiad-36"]
[Site "Mallorca"]
[Date "2004.10.23"]
[Round "8"]
[White "Winants, Luc"]
[Black "Wu, Shaobin"]
[Result "1/2-1/2"]
[WhiteElo "2519"]
[BlackElo "2504"]
[Annotator "Finkel,A"]
[PlyCount "67"]
[EventDate "2004.10.15"]
[EventType "team-swiss"]
[EventRounds "14"]
[EventCountry "ESP"]
[SourceTitle "CBM 104"]
[Source "ChessBase"]
[SourceDate "2005.01.27"]
[SourceVersion "1"]
[SourceVersionDate "2005.01.27"]
[SourceQuality "1"]
[WhiteTeam "Belgium"]
[BlackTeam "Singapore"]
[WhiteTeamCountry "BEL"]
[BlackTeamCountry "SIN"]

1. d4 d5 2. Bf4 Nf6 3. e3 e6 4. Nd2 Be7 5. Bd3 O-O 6. Ngf3 c5 7. c3 b6 (7...
Nc6 8. Ne5 cxd4 (8... Nxe5) 9. exd4 Nxe5 10. dxe5 Nd7 11. Nf3 Nc5 (11... f5 12.
Nd4 Nc5 13. Bc2 Bg5 14. Bxg5 Qxg5 15. O-O $16 {Needelman,G-Kruger,E/Villa
Giardino 2002}) 12. Bc2 Bd7 13. h4 $6 f5 14. exf6 (14. Nd4 Qb6 15. Rb1 Qa6 16.
Bg5 Rae8 17. Bxe7 Rxe7 $13) 14... gxf6 $15 {Kosic,D-Savanovic,A/Neum 2004}) 8.
Ne5 Bb7 9. Qf3 a6 $5 {Black is obviously ot frightened by white agressive
play! A move in the game could be pretty sefull in case white decides to
castle queenside.} (9... Nbd7 10. Qh3 (10. h4 Qc8 11. Rh3 Nxe5 12. Bxe5 Ne8 13.
g4 f6 14. Bh2 Nd6 15. Bxd6 Bxd6 16. O-O-O $36 {Kovacevic,V-Buljovcic,I/
Kraljevo 1967}) 10... Re8 11. Ndf3 (11. g4 Nf8 12. Ndf3 Ne4 13. Bb5 f6 14. Nc6
Qc8 15. Nxe7+ Rxe7 $132 {Doda,Z-Kraidman,Y/Siegen 1970}) 11... Nxe5 12. Nxe5
cxd4 13. exd4 a6 14. O-O g6 15. Rae1 Nh5 16. Bh6 $36 {Rabinovich,I-Romanovsky,
P/Triberg 1914}) (9... Nfd7 $6 10. Qh3 g6 11. Ndf3 Nc6 12. Qg3 cxd4 13. exd4
Ncxe5 14. Nxe5 Nf6 15. Bh6 Nh5 16. Qe3 Ng7 17. h4 $40 {Lein,A-Maki,J/Las Vegas
1993}) 10. g4 $5 Nc6 11. g5 (11. O-O-O cxd4 12. exd4 Nxe5 13. Bxe5 Nd7 14. Bf4
b5 $132) 11... Nxe5 12. dxe5 (12. Bxe5 $143 $6 Nd7 (12... Ne4 13. Nxe4 dxe4 14.
Bxe4 Bxe4 15. Qxe4 Bxg5 16. O-O-O $14) 13. Bf4 Bxg5 14. O-O-O Bxf4 15. Qxf4
cxd4 16. cxd4 Qf6 $15) 12... Ne4 $5 {Initiating at multiple trade which leads
to a double-edged endgame with slightly better chances for white.} 13. Nxe4
dxe4 14. Bxe4 Bxe4 15. Qxe4 Bxg5 16. Bxg5 Qxg5 17. O-O-O $14 f6 (17... Rfd8 18.
Rd6 Rxd6 19. exd6 Rd8 20. Rd1 Rd7 21. Qc6 Qd8 22. f4 $16) 18. Rhg1 (18. f4 Qf5
19. Qxf5 exf5 20. e6 Rfd8 $1 21. Rd7 Rxd7 22. exd7 Kf7 23. Rd1 Ke7 $15 {
[%csl Gd6]}) 18... Qxe5 19. Qb7 $1 {A weakness of the seventh rank gives white
some attacking chance, however black succeeds to neutralize the initiative and
hold the position.} (19. Rxg7+ Kxg7 20. Rd7+ Rf7 21. Rxf7+ Kxf7 22. Qxh7+ Ke8
23. Qg8+ Kd7 24. Qxa8 Qxh2 25. Qb7+ Ke8 26. Qxb6 Qg1+ $11) 19... g6 20. Rd7 Qh5
$8 (20... Qxh2 $4 21. Rh1 $18) 21. Qxb6 Rae8 22. Qxa6 $6 (22. Qc7 $5 Kh8 23.
Rgd1 e5 24. Qxc5 (24. Rg7 Rc8 25. Qa7 Ra8 $11) 24... Qxh2 25. Qa7 $36) 22...
Qxh2 23. Rf1 Qg2 $132 24. Rfd1 Rf7 25. Qb5 (25. Qa7 Ref8 26. Rxf7 Rxf7 27. Qxc5
Kg7 $132) 25... Ref8 26. Rxf7 Rxf7 27. Qxc5 Qxf2 28. a4 Kg7 29. Qb6 h5 30. a5
h4 31. a6 h3 32. a7 Qf3 33. Rd2 Qh1+ 34. Rd1 1/2-1/2

[Event "EU-ch 2nd"]
[Site "Ohrid"]
[Date "2001.06.04"]
[Round "4"]
[White "Hillarp Persson, Tiger"]
[Black "Goloshchapov, Alexander"]
[Result "0-1"]
[WhiteElo "2443"]
[BlackElo "2528"]
[Annotator "Finkel,A"]
[PlyCount "52"]
[EventDate "2001.06.01"]
[EventType "swiss"]
[EventRounds "13"]
[EventCountry "YUG"]
[SourceTitle "CBM 084"]
[Source "ChessBase"]
[SourceDate "2001.09.13"]
[SourceVersion "1"]
[SourceVersionDate "2001.09.13"]
[SourceQuality "1"]

1. g3 d5 2. Nf3 c5 3. Bg2 Nc6 4. d4 cxd4 5. Nxd4 e5 6. Nxc6 bxc6 7. c4 Bb4+ 8.
Nc3 $5 {This move is more dangerous for black than 9.Bd2} (8. Bd2 Bxd2+ 9. Qxd2
Ne7 (9... Nf6 10. Nc3 Be6 11. Rd1 e4 12. O-O O-O 13. Qf4 $14 {Hadac,P-Hora,V/
Znojmo 1997/EXT 98}) 10. cxd5 cxd5 11. Nc3 Be6 12. O-O O-O 13. e3 Rb8 14. Na4
Qd6 15. b3 Rfc8 16. Rac1 g6 17. Qa5 a6 18. Nc3 $14 {Aronian,L-Einarsson,B/
Paris 1995/EXT 99}) (8. Nd2 Qd6 (8... Ne7 9. cxd5 Nxd5 10. Qa4 O-O 11. O-O a5
12. Nc4 Qf6 13. a3 $16 {Mas,H-Liu Wenzhe/Penang 2000/CBM 74 ext}) (8... Qa5 9.
O-O Be6 10. cxd5 cxd5 11. Nc4 $1 $16 {Wexler,B-Olivera,A/Buenos Aires 1964/MCL}
) 9. a3 Bxd2+ 10. Bxd2 a5 11. cxd5 cxd5 12. b4 a4 13. Be3 Bb7 14. Bc5 Qd7 15.
O-O Ne7 16. Rc1 $16 {Trikaliotis,G-Makropoulos,G/Athens 1971/EXT 2001}) 8... d4
$5 (8... Ne7 9. cxd5 Bxc3+ 10. bxc3 cxd5 11. c4 Be6 12. Qa4+ Bd7 13. Qa6 Bc8
14. Qb5+ Bd7 15. Qc5 $14 {Luft,M-Riedl,M/Kaufbeuren 1998/EXT 2001}) (8... Bxc3+
9. bxc3 Be6 10. Qa4 Qd7 11. cxd5 cxd5 12. Qxd7+ Kxd7 13. c4 $14) 9. Qa4 Rb8 (
9... Bxc3+ 10. bxc3 Ne7 11. cxd4 exd4 12. Ba3 $16 {[%csl Rc6]}) 10. Bxc6+ ({
Deserved attention} 10. a3 $5 {aiming to take on c6 with the queen} Bxc3+ 11.
bxc3 dxc3 12. Qxc6+ Bd7 13. Qc5 $14) 10... Bd7 11. a3 Bxc3+ 12. bxc3 dxc3 13.
Be3 {Even stronger was} (13. Bxd7+ Qxd7 14. Qa5 $1 $16 {[%csl Ra7,Rc3,Re5] and
white wins one of the pawns!}) 13... Ne7 (13... Rc8 $5) 14. Bxd7+ Qxd7 15.
Qxd7+ $6 {Once again white makes not the best move} (15. Qxa7 $5 Qxa7 16. Bxa7
Rb7 (16... Rc8 17. c5 Nc6 18. Bb6 Nd4 19. Rc1 $16) 17. Bc5 (17. Be3 Rc7 18. c5
Nd5 $11) 17... Rc7 18. Bd6 Rxc4 19. Bxe5 f6 20. Bf4 $16) 15... Kxd7 16. O-O-O+
(16. Bxa7 Rb2 17. O-O Rc8 18. Rfd1+ Ke6 19. c5 Rc6 20. Rac1 Nc8 $15) 16... Ke6
17. Bxa7 Rbc8 (17... Rb2 18. Rd3 Rxe2 19. Rxc3 $16) 18. c5 $6 {After this
inaccuracy black gets better chanses.} (18. Rd3 Rxc4 19. Rhd1 Ra8 20. Rd6+ Kf5
21. Rd7 Nc6 22. Rxf7+ Ke6 23. Rdd7 $14) 18... Rc6 19. Rd6+ Rxd6 20. cxd6 Nc6 $1
(20... Kxd6 $2 21. Rd1+ Ke6 22. Rd3 Ra8 23. Bc5 Nd5 24. e4 $16) 21. Bc5 $2 (21.
Be3 Ra8 22. Kc2 (22. Rd1 Rxa3 23. d7 Ra1+ 24. Kc2 Nb4+ $19) 22... Rxa3 23. Rb1
Kxd6 $15) 21... Kd5 $1 {[%cal Gd5c4]} 22. Bb6 (22. Be3 Ra8 23. Rd1+ Kc4 24. Kc2
Rxa3 25. Rc1 $17) 22... Ra8 $17 {Suddenly black has extremly dangerous attack!}
23. Kc2 (23. Rd1+ Kc4 24. d7 Rxa3 {[%csl Rc1][%cal Gc6b4,Ga3a1]} 25. d8=Q (25.
Kb1 Nb4 26. d8=Q Rb3+ $1 27. Kc1 Na2+ 28. Kc2 Rb2#) 25... Ra1+ 26. Kc2 Nb4#)
23... Rxa3 24. d7 $6 {Losing on the spot} (24. Rb1 Kc4 25. Kc1 Ra2 $17) 24...
Nb4+ 25. Kb1 Rb3+ 26. Ka1 (26. Kc1 Kc4 $1 27. d8=Q Na2+ 28. Kc2 Rb2+ 29. Kd1
c2+ 30. Ke1 c1=Q+ 31. Qd1 Qxd1+ 32. Kxd1 Rb1+ $19) 26... Nc2+ {[%cal Gb3b2]}
0-1